01630nam a2200385Ia 4500001001200000003000800012006001900020007001500039008004100054010001700095020003300112020004000145020001800185040002100203035002100224050002800245082001900273100002600292245013200318260005200450300001600502490003300518500008200551504006400633533015200697650004500849650003800894650005000932650004100982655002901023710001701052830003401069856012601103999001501229ebr10286153CaPaEBRm u cr cn|||||||||930712s1994 ilu sb 001 0 eng d z 93026899  z0226721213 (acid-free paper) z0226721221 (pbk. : acid-free paper) z9780226721224 aCaPaEBRcCaPaEBR a(OCoLC)36826568214aHQ1075.5.F8bR63 1994eb04a305.3/09442201 aRoberts, Mary Louise.10aCivilization without sexesh[electronic resource] :breconstructing gender in postwar France, 1917-1927 /cMary Louise Roberts. aChicago :bUniversity of Chicago Press,cc1994. axiv, 337 p.1 aWomen in culture and society aOriginally presented as the author's thesis (Ph. D.--Brown University), 1990. aIncludes bibliographical references (p. 219-330) and index. aElectronic reproduction.bPalo Alto, Calif. :cebrary,d2011.nAvailable via World Wide Web.nAccess may be limited to ebrary affiliated libraries. 0aSex rolezFrancexHistoryy20th century. 0aWomenzFrancexSocial conditions. 0aWorld War, 1914-1918xSocial aspectszFrance. 0aWorld War, 1914-1918xWomenzFrance. 7aElectronic books.2local2 aebrary, Inc. 0aWomen in culture and society.40uhttp://site.ebrary.com/lib/rucke/Doc?id=10286153zAn electronic book accessible through the World Wide Web; click to view c2063d2063